Navigating the dilapidations pitfalls (Record no. 84484)

MARC details
000 -LEADER
fixed length control field 00690cab a22001935a 4500
001 - CONTROL NUMBER
control field L157900
008 - FIXED-LENGTH DATA ELEMENTS--GENERAL INFORMATION
fixed length control field 130628e20130622xxk 000 0 eng d
035 ## - SYSTEM CONTROL NUMBER
System control number (Sirsi) u157900
041 0# - LANGUAGE CODE
Language code of text/sound track or separate title eng
100 1# - MAIN ENTRY--PERSONAL NAME
Personal name Hartley, Simon
245 00 - TITLE STATEMENT
Title Navigating the dilapidations pitfalls
260 ## - PUBLICATION, DISTRIBUTION, ETC.
Date of publication, distribution, etc. 2013
490 ## - SERIES STATEMENT
Series statement Estates Gazette
Volume/sequential designation (1325) 22 June 2013, 102-103(2)
520 ## - SUMMARY, ETC.
Summary, etc. Dilapidations issues for tenants taking tenancies and at lease termination. Includes information about drawing a line under a liability, the landlords intentions and further issues where there are subtenants.
590 ## - LOCAL NOTE (RLIN)
Local note KA
651 #4 - SUBJECT ADDED ENTRY--GEOGRAPHIC NAME
Geographic name England and Wales
Chronological subdivision 1543-
690 ## - LOCAL SUBJECT ADDED ENTRY--TOPICAL TERM (OCLC, RLIN)
Topical term or geographic name as entry element Dilapidations
9 (RLIN) 6235
942 ## - ADDED ENTRY ELEMENTS (KOHA)
Suppress in OPAC 0
Holdings
Withdrawn status Lost status Source of classification or shelving scheme Damaged status Not for loan Home library Current library Shelving location Date acquired Total Checkouts Full call number Barcode Date last seen Copy number Price effective from Koha item type
    Dewey Decimal Classification     London London Journal article 28/06/2013   L157900 157900-1001 06/08/2019 1 06/08/2019 Journal article